| 000 | 00901nam a22002417a 4500 | ||
|---|---|---|---|
| 005 | 20170123164141.0 | ||
| 010 | _aA-551868 | ||
| 020 |
_c50.00 _a0919581625 |
||
| 035 | _aA-551868 | ||
| 040 |
_aDPL _bPN |
||
| 082 |
_a851 _bਕਲਸੀ |
||
| 100 |
_a ਕਲਸੀ, ਸੁਰਜੀਤ _9210 |
||
| 245 |
_aਪੌਣਾਂ ਨਾਲ ਗੁਫਤਗੂ / _c ਸੁਰਜੀਤ ਕਲਸੀ |
||
| 246 |
_aPauna naal guftgu _bby Surjit Kalsi |
||
| 260 | _aਕਨੇਡਾ | ||
| 270 |
_aਥਰਡ ਆਈ ਪਬਲੀਕੇਸ਼ਨਜ਼, ਲੰਡਨ, ਉਨਟੇਰੀਓ _bਲੰਡਨ |
||
| 300 |
_a94p. _c19cm(Hb) |
||
| 650 |
_aਪੰਜਾਬੀ ਸਾਹਿਤ-ਕਵਿਤਾਵਾਂ _9780 |
||
| 650 |
_aਪੰਜਾਬੀ ਸਾਹਿਤ _9779 |
||
| 650 |
_aPunjabi Literature-Poems _9782 |
||
| 650 |
_aPunjabi Literature _9781 |
||
| 942 |
_2ddc _cPN _h851 _mਕਲਸੀ |
||
| 999 |
_c109700 _d109700 |
||